| 000 | 01092cam a2200229 4500 | ||
|---|---|---|---|
| 001 | WB3742-50 | ||
| 008 | 000000n2001 000 0 eng u | ||
| 035 | _a(Sirsi) u113224 | ||
| 245 | _aMapping will deliver access rights | ||
| 260 | _c2001 | ||
| 490 |
_aCountryside Focus _v(14) June/July 2001, 2(1) |
||
| 520 | _aThe Countryside Agency has started work on a desk-based mapping of England's "open country" and registered common land area. The first two areas to be mapped will be the North West and South East, and the first draft maps are due to be published for consultation in autumn 2001. The aim is for the new rights to be in place by 2005. "Drawing the boundaries", a leaflet providing details about the mapping process, can be obtained free of charge from Countryside Agency Publications. Tel: 0870 120 6466. | ||
| 590 | _aWB | ||
| 650 | _aCOUNTRYSIDE AGENCY | ||
| 650 | _aMAPPING | ||
| 650 | _aCOMMON LAND | ||
| 650 | _aCOUNTRYSIDE AND RIGHTS OF WAY ACT 2000 | ||
| 650 | _aPUBLIC RIGHTS OF WAY | ||
| 650 | _aACCESS RIGHTS | ||
| 690 |
_aRural _96268 |
||
| 942 | _n0 | ||
| 999 |
_c67433 _d67433 |
||